000 00736nam a2200217 a 4500
005 20230525063735.0
008 991125s1953 ea 000 0 eng u
035 _aUPN01000052707
049 _aCG
050 4 _aQA276.3
_bH3.7
100 1 _aHansen, Morris Howard,
_d1910-1990
_930569
245 1 0 _aSample survey methods and theory /
_cMorris H. Hansen, William N. Hurtwitz, William G. Madoww.
260 _aNew York :
_bJ. Wiley,
_c1953.
300 _a2 v.
440 0 _aWiley series in probability and mathematical statistics
650 4 _aESTADISTICA -
_xMETODOS GRAFICOS
_917001
650 2 _aMuestreo (Estadística)
_923376
700 1 _aHurtwitz, William N.,
_ecoaut.
700 1 _aMadoww, William G.,
_ecoaut.
905 _aLibro
999 _c52707
_d52707